REVIEW OF FORENSIC MEDICINE & TOXICOLOGY (Record no. 33404)

MARC details
000 -LEADER
fixed length control field 00425nam a22001697a 4500
003 - CONTROL NUMBER IDENTIFIER
control field SGT
020 ## - INTERNATIONAL STANDARD BOOK NUMBER
International Standard Book Number 978931208806
082 ## - DEWEY DECIMAL CLASSIFICATION NUMBER
Classification number 614.1
Item number R23W
100 ## - MAIN ENTRY--PERSONAL NAME
Personal name WAGHMODE, AVINASH H.
245 ## - TITLE STATEMENT
Title REVIEW OF FORENSIC MEDICINE & TOXICOLOGY
250 ## - EDITION STATEMENT
Edition statement 1ST
260 ## - PUBLICATION, DISTRIBUTION, ETC. (IMPRINT)
Place of publication, distribution, etc INDIA
Name of publisher, distributor, etc INNOVATIVE PUB
Year of Publication 2023
300 ## - PAGE DESCRIPTION
No. of Pages 513
650 ## - SUBJECT ADDED ENTRY--TOPICAL TERM
Topical term or geographic name as entry element FORENSIC MRDICINE
653 ## - KEYWORDS--INDEX TERM
Keyword term REVIEW OF FORENSIC MEDICINE & TOXICOLOGY
942 ## - ADDED ENTRY ELEMENTS (KOHA)
Source of classification or shelving scheme Dewey Decimal Classification
Koha item type Books
Holdings
Withdrawn status Lost status Source of classification or shelving scheme Damaged status Not for loan Collection code Home library Current library Shelving location Date acquired Vendor Name Cost, normal purchase price SGTU Bill Number Total Checkouts Full call number Accession No. (Barcode) Date last seen Bill Date Koha item type Date last borrowed
    Dewey Decimal Classification   Not For Loan MEDICAL SGT Medical Library SGT Medical Library Reference Book 29/11/2025 ABC DELHI 1750.00 SGTU 22053   614.1 R23W FM15815 20/01/2026 29/11/2025 Books  
    Dewey Decimal Classification     MEDICAL SGT Medical Library SGT Medical Library Reference Book 29/11/2025 ABC DELHI 1750.00 SGTU 22053 1 614.1 R23W FM15816 05/03/2026 29/11/2025 Books 18/02/2026